|
|
|
|
| LEADER |
00000nam2a2200000 4500 |
| 001 |
278567 |
| 005 |
20231101235127.0 |
| 020 |
|
|
|a RU
|b 85-49095
|
| 035 |
|
|
|a (RuTPU)RU\TPU\book\301844
|
| 090 |
|
|
|a 278567
|
| 100 |
|
|
|a 20141212d1985 k y0rusy5003 ca
|
| 101 |
0 |
|
|a rus
|
| 102 |
|
|
|a RU
|
| 105 |
|
|
|a y z 101zy
|
| 200 |
0 |
|
|a Ч. 2
|
| 210 |
|
|
|d 1985
|
| 215 |
|
|
|a 184 с.
|
| 320 |
|
|
|a Указатель авторов: с. 169-184
|
| 461 |
|
1 |
|0 (RuTPU)RU\TPU\book\296526
|t IX Всесоюзное совещание по квантовой химии; Выездная сессия Секции квантовой химии и строения молекул Научного совета АН СССР по химической кинетике и строению
|o июнь 1985 г., г. Иваново
|o тезисы докладов
|f Академия наук СССР (АН СССР), Институт химии неводных растворов (ИХНР) ; Ивановский химико-технологический институт
|v Ч. 2
|n [Б. и.]
|d 1985
|
| 606 |
1 |
|
|a Квантовая химия
|2 stltpush
|3 (RuTPU)RU\TPU\subj\69462
|9 84313
|
| 610 |
1 |
|
|a оптическая спектроскопия
|
| 610 |
1 |
|
|a электронная спектроскопия
|
| 610 |
1 |
|
|a теория
|
| 610 |
1 |
|
|a межмолекулярные взаимодействия
|
| 610 |
1 |
|
|a потенциальная энергия
|
| 610 |
1 |
|
|a поверхности
|
| 610 |
1 |
|
|a химические реакции
|
| 610 |
1 |
|
|a адсорбция
|
| 610 |
1 |
|
|a катализ
|
| 610 |
1 |
|
|a совещания
|
| 610 |
1 |
|
|a тезисы докладов
|
| 675 |
|
|
|a 544.18(063)
|z rus
|v 4
|
| 801 |
|
0 |
|a RU
|b RuMRKP
|c 19950704
|g psbo
|
| 801 |
|
1 |
|a RU
|b 63413507
|c 20141212
|
| 801 |
|
2 |
|a RU
|b 63413507
|c 20180112
|g RCR
|
| 942 |
|
|
|c BK
|